wszyscy piłkarze Argentyny którzy zagrali w finale MŚ 2022 - Statystyki

Ogólne statystyki
  • Ten quiz został rozwiązany 72 razy
  • Średni wynik to 9 z 17
Statystyki odpowiedzi
pozycja zawodnik % Poprawnych
Rezerwowy Lautaro Martinez
98%
Prawy Skrzydłowy Lionel Messi
94%
Lewy Skrzydłowy Angel Di Maria
81%
Środkowy Napastnik Julian Alvarez
65%
Środkowy Obrońca Nicolas Otamendi
65%
Rezerwowy Marcos Acuna
56%
Środkowy Pomocnik Rodrigo De Paul
55%
Środkowy Pomocnik Alexis Mac Allister
53%
Środkowy Pomocnik Enzo Fernandez
52%
Rezerwowy Paulo Dybala
52%
Prawy Obrońca Nahuel Molina
44%
Lewy Obrońca Nicolas Tagliafico
42%
Środkowy Obrońca Cristian Romero
39%
Rezerwowy Gonzalo Montiel
37%
Rezerwowy Leandro Paredes
26%
Rezerwowy German Pezzela
5%
Bramkarz Emiliano Marinez
2%
Nie znaleziono quizów pasujących do podanych kryteriów
Rozkład punktacji
Procent ludzi z każdym wynikiem
Percentyl według liczby udzielonych odpowiedzi
Twoja historia wyników
Nie rozwiązałeś tego quizu